[Event "FRA-chT2 East 0708"]
[Site "France"]
[Date "2007.11.25"]
[Round "3.3"]
[White "Rodrigues, Emmanuel"]
[Black "Ricter, Jean Paul"]
[Result "1-0"]
[WhiteElo "2126"]
[BlackElo "2168"]
[PlyCount "151"]
[EventDate "2007.10.21"]
[EventType "team"]
[EventRounds "11"]
[EventCountry "FRA"]
[SourceTitle "EXT 2009"]
[Source "ChessBase"]
[SourceDate "2008.11.26"]
[SourceVersion "1"]
[SourceVersionDate "2008.11.26"]
[SourceQuality "1"]
[WhiteTeam "Grenoble"]
[BlackTeam "Strasbourg II"]
[WhiteTeamCountry "FRA"]
[BlackTeamCountry "FRA"]

1. e4 d6 2. d4 Nf6 3. Nc3 Nbd7 4. g4 h6 5. h3 e5 6. Nge2 Be7 7. Bg2 Nh7 8. Nd5 Bg5 9. Ne3 0-0 10. 0-0 Re8 11. c3 Ndf8 12. f4 exf4 13. Nxf4 Bxf4 14. Rxf4 Ng6 15. Rf2 Ng5 16. Qd3 Nh4 17. Nf5 Nxg2 18. Bxg5 Qxg5 19. Kxg2 g6 20. Ng3 Re7 21. Raf1 Bd7 22. Rf4 Rae8 23. Qf3 Rf8 24. Rh1 Qh4 25. Nf1 Re6 26. Nd2 Qe7 27. d5 Re5 28. Nc4 Kg7 29. Rf1 Bb5 30. Nxe5 dxe5 31. c4 Bxc4 32. Qc3 Bxf1+ 33. Rxf1 Rc8 34. Qb3 Rb8 35. Qc4 Qd6 36. b4 a6 37. Rc1 Rc8 38. Qc5 Qxc5 39. bxc5 Kf6 40. a4 Ke7 41. a5 Kd7 42. Rb1 b5 43. cxb6 Rb8 44. Kf3 cxb6 45. Rxb6 Rxb6 46. axb6 a5 47. Ke3 a4 48. Kd3 f5 49. exf5 gxf5 50. gxf5 e4+ 51. Kxe4 a3 52. b7 Kc7 53. f6 a2 54. f7 a1Q 55. b8Q+ Kxb8 56. f8Q+ Kc7 57. Qe7+ Kb6 58. Qd6+ Kb5 59. Qc6+ Kb4 60. Qb6+ Kc4 61. Qc6+ Kb4 62. Qxh6 Qh1+ 63. Ke5 Qa1+ 64. Kf5 Qb1+ 65. Ke6 Qe1+ 66. Kd7 Qh1 67. Qe6 Kc5 68. d6 Qa1 69. Qe3+ Kd5 70. Qg5+ Ke4 71. Ke7 Qa3 72. Qg4+ Kd5 73. Qe6+ Kd4 74. Kf7 Kc5 75. d7 Qf3+ 76. Ke8 1-0

[Event "Grenoble Masters 6th"]
[Site "Grenoble"]
[Date "2007.06.21"]
[Round "2"]
[White "Rodrigues, Emmanuel"]
[Black "Adda, Olivier"]
[Result "0-1"]
[WhiteElo "2153"]
[BlackElo "2190"]
[PlyCount "104"]
[EventDate "2007.06.20"]
[EventType "tourn"]
[EventRounds "9"]
[EventCountry "FRA"]
[EventCategory "4"]
[SourceTitle "CBM 119 Extra"]
[Source "ChessBase"]
[SourceDate "2007.09.04"]
[SourceVersion "1"]
[SourceVersionDate "2007.09.04"]
[SourceQuality "1"]

1. e4 c5 2. Nf3 d6 3. d4 cxd4 4. Nxd4 Nf6 5. Nc3 a6 6. Bg5 e6 7. f4 b5 8. e5 dxe5 9. fxe5 Qc7 10. exf6 Qe5+ 11. Be2 Qxg5 12. Qd3 Qxf6 13. 0-0-0 Qf4+ 14. Kb1 Be7 15. Rhf1 Qc7 16. g4 0-0 17. Qh3 Bb7 18. Bd3 g6 19. Qe3 Nd7 20. Nxe6 Qe5 21. Qxe5 Nxe5 22. Nxf8 Bxf8 23. Be4 Bxe4 24. Nxe4 Nxg4 25. Nf6+ Nxf6 26. Rxf6 Bg7 27. Rb6 Be5 28. h3 g5 29. a3 Ra7 30. Ka2 Kg7 31. Kb3 f6 32. a4 bxa4+ 33. Kxa4 h5 34. c4 g4 35. hxg4 hxg4 36. c5 g3 37. Kb3 a5 38. Kc4 f5 39. c6 f4 40. Kd5 Re7 41. Rb3 Bc7 42. Rf3 Kg6 43. Rff1 Kg5 44. Rfe1 Rxe1 45. Rxe1 f3 46. Re7 f2 47. Rxc7 f1Q 48. Re7 Kf6 49. Re8 Qd1+ 50. Kc4 Qg4+ 51. Kc3 Qb4+ 52. Kd3 Qd6+ 0-1

[Event "FRA-chT2 South 0607"]
[Site "France"]
[Date "2007.02.11"]
[Round "7.6"]
[White "Henry, Guillaume"]
[Black "Rodrigues, Emmanuel"]
[Result "0-1"]
[WhiteElo "2102"]
[BlackElo "2142"]
[PlyCount "60"]
[EventDate "2006.10.15"]
[EventType "team"]
[EventRounds "11"]
[EventCountry "FRA"]
[SourceTitle "EXT 2008"]
[Source "ChessBase"]
[SourceDate "2007.11.25"]
[SourceVersion "1"]
[SourceVersionDate "2007.11.25"]
[SourceQuality "1"]
[WhiteTeam "L'Isle sur la Sorgue"]
[BlackTeam "Grenoble"]
[WhiteTeamCountry "FRA"]
[BlackTeamCountry "FRA"]

1. e4 e5 2. Nf3 Nc6 3. Bb5 a6 4. Bxc6 dxc6 5. 0-0 Bd6 6. d4 exd4 7. Qxd4 f6 8. e5 fxe5 9. Nxe5 Ne7 10. Bg5 Be6 11. Re1 0-0 12. Nc3 Rf5 13. Bxe7 Qxe7 14. Nf3 Bc5 15. Qe4 Re8 16. Nd4 Rf6 17. Rad1 Qf7 18. Qe2 Bd7 19. Qd2 Rd6 20. Rxe8+ Qxe8 21. Re1 Qd8 22. Nce2 Bxd4 23. Nxd4 c5 24. Qc3 cxd4 25. Qb3+ Kh8 26. Qxb7 Bc6 27. Qb3 Qg5 28. g3 h5 29. f4 Qc5 30. Qd3 Qd5 0-1

[Event "FRA-chT2 South 0607"]
[Site "France"]
[Date "2007.01.21"]
[Round "6.3"]
[White "Rodrigues, Emmanuel"]
[Black "Gachet, Sebastien"]
[Result "0-1"]
[WhiteElo "2142"]
[BlackElo "2267"]
[PlyCount "71"]
[EventDate "2006.10.15"]
[EventType "team"]
[EventRounds "11"]
[EventCountry "FRA"]
[SourceTitle "EXT 2008"]
[Source "ChessBase"]
[SourceDate "2007.11.25"]
[SourceVersion "1"]
[SourceVersionDate "2007.11.25"]
[SourceQuality "1"]
[WhiteTeam "Grenoble"]
[BlackTeam "Nice"]
[WhiteTeamCountry "FRA"]
[BlackTeamCountry "FRA"]

1. e4 c5 2. Nf3 g6 3. d4 Bg7 4. Nc3 Qa5 5. dxc5 Bxc3+ 6. bxc3 Qxc3+ 7. Bd2 Qxc5 8. Bd3 Nf6 9. 0-0 0-0 10. Rb1 d6 11. Be3 Qc7 12. Nd4 Nc6 13. Nb5 Qd8 14. h3 d5 15. exd5 Nxd5 16. Bh6 Re8 17. Rb3 Nc7 18. Qa1 e5 19. f4 Nxb5 20. Rxb5 a6 21. Rbb1 Qd4+ 22. Qxd4 exd4 23. f5 b5 24. Rf4 Bxf5 25. Bxf5 gxf5 26. Rxf5 Re6 27. Bg5 Rae8 28. Rbf1 Re5 29. Bf6 Rxf5 30. Rxf5 Re2 31. Rc5 Re6 32. Rg5+ Kf8 33. Bg7+ Ke7 34. Rd5 Re1+ 35. Kf2 Rc1 36. Re5+ 0-1

[Event "FRA-chT2 South 0607"]
[Site "France"]
[Date "2007.01.20"]
[Round "5.2"]
[White "Rodrigues, Emmanuel"]
[Black "Dobrev, Nanko"]
[Result "0-1"]
[WhiteElo "2142"]
[BlackElo "2440"]
[PlyCount "68"]
[EventDate "2006.10.15"]
[EventType "team"]
[EventRounds "11"]
[EventCountry "FRA"]
[SourceTitle "EXT 2008"]
[Source "ChessBase"]
[SourceDate "2007.11.25"]
[SourceVersion "1"]
[SourceVersionDate "2007.11.25"]
[SourceQuality "1"]
[WhiteTeam "Grenoble"]
[BlackTeam "Grasse"]
[WhiteTeamCountry "FRA"]
[BlackTeamCountry "FRA"]

1. e4 Nf6 2. Nc3 e5 3. Nf3 Nc6 4. a3 d5 5. Bb5 d4 6. Ne2 Bd7 7. d3 Qe7 8. 0-0 g6 9. c3 dxc3 10. bxc3 a6 11. Bc4 b5 12. Ba2 Bg7 13. Ng5 0-0 14. f4 Rad8 15. Qc2 Qc5+ 16. Kh1 Nd4 17. Qb2 Nxe2 18. Qxe2 Bg4 19. Qc2 h6 20. fxe5 Qxe5 21. d4 Qe7 22. Nxf7 Rxf7 23. Bxf7+ Qxf7 24. e5 Bf5 25. Rxf5 gxf5 26. exf6 Qxf6 27. Bf4 Qc6 28. Re1 Rxd4 29. Qxf5 Qd7 30. Qxd7 Rxd7 31. h3 Rf7 32. Re8+ Kh7 33. Be5 Rf1+ 34. Kh2 Re1 0-1

[Event "Grenoble Masters 5th"]
[Site "Grenoble"]
[Date "2006.06.22"]
[Round "1"]
[White "Foisor, Cristina Adela B"]
[Black "Rodrigues, Emmanuel"]
[Result "1-0"]
[WhiteElo "2392"]
[BlackElo "2141"]
[PlyCount "123"]
[EventDate "2006.06.22"]
[EventType "tourn"]
[EventRounds "10"]
[EventCountry "FRA"]
[EventCategory "3"]
[SourceTitle "CBM 112 Extra"]
[Source "ChessBase"]
[SourceDate "2006.07.14"]
[SourceVersion "1"]
[SourceVersionDate "2006.07.14"]
[SourceQuality "1"]

1. c4 Nc6 2. g3 e5 3. Bg2 f5 4. Nc3 Nf6 5. d3 Bb4 6. Bd2 0-0 7. a3 Bxc3 8. Bxc3 d6 9. b4 Qe8 10. e3 f4 11. e4 Qg6 12. Bf3 Ng4 13. Ra2 Be6 14. h3 Nh6 15. g4 b5 16. Rc2 bxc4 17. b5 Nd8 18. Bb2 Nb7 19. dxc4 Nc5 20. Ne2 Nf7 21. h4 Bxg4 22. Nc3 Bxf3 23. Qxf3 Nd8 24. Nd5 Qxe4+ 25. Qxe4 Nxe4 26. Nxc7 Rc8 27. Nd5 Kf7 28. Rh3 Nf6 29. Nb4 Ke6 30. a4 Rf7 31. Na6 Nb7 32. Ba3 e4 33. Rhc3 Nd7 34. c5 Ndxc5 35. Bxc5 Nxc5 36. Nxc5+ Rxc5 37. Rxc5 dxc5 38. Rxc5 Rd7 39. Rc6+ Rd6 40. Rc4 Kd5 41. Rc7 a6 42. Rxg7 axb5 43. axb5 h6 44. Rb7 Rg6 45. Kf1 f3 46. Rd7+ Kc5 47. Re7 Kd4 48. Rd7+ Ke5 49. Rd1 Rb6 50. Rb1 h5 51. Ke1 Kf4 52. Rb4 Ke5 53. Rb2 Kf4 54. Rb3 Kg4 55. Rb4 Kxh4 56. Rxe4+ Kg5 57. Rb4 Kf5 58. Kd2 Re6 59. b6 Re2+ 60. Kd3 Rxf2 61. b7 Rg2 62. b8Q 1-0

[Event "FRA-chT2C 0506"]
[Site "France"]
[Date "2005.11.19"]
[Round "2.6"]
[White "Tholey, Jean Paul"]
[Black "Rodrigues, Emmanuel"]
[Result "0-1"]
[WhiteElo "2016"]
[BlackElo "2118"]
[PlyCount "96"]
[EventDate "2005.10.27"]
[EventType "team"]
[EventRounds "11"]
[EventCountry "FRA"]
[SourceTitle "EXT 2006"]
[Source "ChessBase"]
[SourceDate "2005.11.24"]
[SourceVersion "1"]
[SourceVersionDate "2005.11.24"]
[SourceQuality "1"]

1. d4 d5 2. c4 Nc6 3. Nc3 Nf6 4. e3 dxc4 5. Bxc4 e5 6. d5 Nb8 7. Qb3 Bd6 8. Nf3 0-0 9. e4 h6 10. 0-0 Nbd7 11. h3 Nh5 12. Be3 Qf6 13. Be2 Nf4 14. Bxf4 Qxf4 15. g3 Qf6 16. Kg2 Qe7 17. Rac1 a6 18. Qc2 g6 19. a3 Kg7 20. Nd2 Qg5 21. Bg4 f5 22. exf5 gxf5 23. Be2 Kh8 24. Nc4 Qg7 25. Nxd6 cxd6 26. f4 Rg8 27. Qd3 exf4 28. Rxf4 Ne5 29. Qe3 Ng6 30. Rc4 f4 31. Rxf4 Nxf4+ 32. Qxf4 Qg5 33. Qxg5 Rxg5 34. Ne4 Rxd5 35. Rc7 Bf5 36. Bf3 Re8 37. Nf2 Rd2 38. Rxb7 d5 39. g4 Be4 40. Rb3 Rf8 41. Kg3 Rxf3+ 42. Rxf3 Bxf3 43. Kxf3 Rxb2 44. Nd3 Rb3 45. Ke3 Rxa3 46. Kd4 a5 47. Ne5 Rxh3 48. Kxd5 a4 0-1

[Event "Creon op 10th"]
[Site "Creon"]
[Date "2005.08.02"]
[Round "3"]
[White "Rodrigues, Emmanuel"]
[Black "Pingue, Renaud"]
[Result "1-0"]
[WhiteElo "2127"]
[BlackElo "1927"]
[PlyCount "47"]
[EventDate "2005.08.01"]
[EventType "swiss"]
[EventRounds "9"]
[EventCountry "FRA"]
[SourceTitle "CBM 107 Extra"]
[Source "ChessBase"]
[SourceDate "2005.09.01"]
[SourceVersion "1"]
[SourceVersionDate "2005.09.01"]
[SourceQuality "1"]

1. e4 e5 2. Bc4 Nf6 3. d3 Bc5 4. Nf3 Nc6 5. c3 d6 6. Bb3 Bg4 7. Nbd2 a6 8. 0-0 0-0 9. h3 Bh5 10. Re1 Qd7 11. Nf1 Ba7 12. Ng3 Bg6 13. Nh4 d5 14. Qf3 dxe4 15. dxe4 Ne8 16. Nhf5 Nd6 17. Rd1 Kh8 18. Qg4 Rad8 19. Nh5 Qc8 20. Nhxg7 h5 21. Qf3 Rg8 22. Nxd6 Rxd6 23. Rxd6 cxd6 24. Nxh5 1-0

[Event "Lyon op"]
[Site "Lyon"]
[Date "2005.04.19"]
[Round "5"]
[White "Rodrigues, Emmanuel"]
[Black "Vidalinc, Jean Louis"]
[Result "1-0"]
[WhiteElo "2089"]
[BlackElo "1993"]
[PlyCount "79"]
[EventDate "2005.04.16"]
[EventType "swiss"]
[EventRounds "9"]
[EventCountry "FRA"]
[SourceTitle "CBM 105 Extra"]
[Source "ChessBase"]
[SourceDate "2005.05.01"]
[SourceVersion "1"]
[SourceVersionDate "2005.05.01"]
[SourceQuality "1"]

1. e4 e6 2. Nf3 d5 3. Nc3 d4 4. Ne2 c5 5. Ng3 Nf6 6. Bb5+ Bd7 7. Bxd7+ Qxd7 8. d3 Nc6 9. 0-0 Be7 10. Nd2 h5 11. a4 Qc7 12. Nc4 h4 13. Nh1 0-0-0 14. f4 Nd7 15. a5 Rdg8 16. f5 e5 17. Nf2 Nf6 18. Nh3 Nd7 19. Bd2 f6 20. Qg4 Kb8 21. Rf2 g6 22. fxg6 Rg7 23. Raf1 Rhg8 24. Qxh4 Rxg6 25. Qh5 Ka8 26. Kh1 Nd8 27. Ng1 Ne6 28. Ne2 Qd8 29. Qf5 Ng5 30. Ra1 Kb8 31. g3 R6g7 32. Kg2 Rh8 33. Nf4 exf4 34. Bxf4+ Ne5 35. Nxe5 Bd6 36. Nc4 Bxf4 37. Qxf4+ Kc8 38. Nd6+ Kd7 39. Nxb7 Qc8 40. Qf5+ 1-0

[Event "FRA-chT2 0304"]
[Site "France"]
[Date "2004.02.04"]
[Round "7"]
[White "Vernay, Clovis"]
[Black "Rodrigues, Emmanuel"]
[Result "1/2-1/2"]
[WhiteElo "2174"]
[BlackElo "2107"]
[PlyCount "110"]
[EventDate "2003.10.??"]
[EventType "team"]
[EventRounds "11"]
[EventCountry "FRA"]
[SourceTitle "EXT 2005"]
[Source "ChessBase"]
[SourceDate "2004.11.15"]
[SourceVersion "1"]
[SourceVersionDate "2004.11.15"]
[SourceQuality "1"]

1. d4 d5 2. c4 Nc6 3. cxd5 Qxd5 4. Nf3 e5 5. Nc3 Bb4 6. Bd2 Bxc3 7. Bxc3 e4 8. Ne5 e3 9. f3 Nge7 10. Qd3 Bf5 11. Qxe3 0-0-0 12. Nxc6 Nxc6 13. Qf4 Rhe8 14. 0-0-0 Bg6 15. b3 f5 16. g4 fxg4 17. Qxg4+ Kb8 18. e4 Qd6 19. Kb2 Ne5 20. dxe5 Qxd1 21. Qg2 Rxe5 22. Bd3 Qxd3 23. Bxe5 Qe3 24. Bc3 Rd3 25. Re1 Qxf3 26. Qxf3 Rxf3 27. Bxg7 Rf2+ 28. Ka1 Kc8 29. e5 Kd7 30. h4 Rf4 31. Bf6 Re4 32. Rd1+ Kc6 33. Rc1+ Kd7 34. Rd1+ Kc6 35. Rd2 a5 36. Kb2 a4 37. bxa4 Rxa4 38. e6 Re4 39. e7 Bf7 40. Rf2 Bg6 41. Bg5 Re6 42. Kc3 Re4 43. Rf3 b5 44. Re3 b4+ 45. Kb2 Rxe3 46. Bxe3 Kb5 47. a3 c6 48. axb4 Kxb4 49. Bg5 c5 50. Bf6 Kc4 51. Kc1 Kd5 52. Kd2 Ke6 53. Bg5 h6 54. Bxh6 Kxe7 55. Kc3 Kd6 1/2-1/2

[Event "FRA-chT2S"]
[Site "France"]
[Date "2003.03.15"]
[Round "8.5"]
[White "Lamorelle, Yves"]
[Black "Rodrigues, Emmanuel"]
[Result "1/2-1/2"]
[WhiteElo "2234"]
[BlackElo "2117"]
[PlyCount "36"]
[EventDate "2002.10.??"]
[EventType "team"]
[EventRounds "11"]
[EventCountry "FRA"]
[SourceTitle "EXT 2004"]
[Source "ChessBase"]
[SourceDate "2003.11.25"]
[SourceVersion "1"]
[SourceVersionDate "2003.11.25"]
[SourceQuality "1"]

1. e4 Nc6 2. Nc3 e6 3. d4 d5 4. e5 f6 5. f4 fxe5 6. dxe5 Nh6 7. Bb5 Bd7 8. Be3 Nf5 9. Bf2 d4 10. Ne4 Nxe5 11. Bxd7+ Nxd7 12. Bxd4 e5 13. Bc3 Qe7 14. Qf3 exf4 15. 0-0-0 0-0-0 16. Qxf4 g6 17. g4 Bh6 18. g5 Bg7 1/2-1/2

[Event "FRA-chT2S"]
[Site "France"]
[Date "2003.01.18"]
[Round "5.8"]
[White "Rodrigues, Emmanuel"]
[Black "Marino, Olivier"]
[Result "0-1"]
[WhiteElo "2117"]
[BlackElo "2085"]
[PlyCount "58"]
[EventDate "2002.10.??"]
[EventType "team"]
[EventRounds "11"]
[EventCountry "FRA"]
[SourceTitle "EXT 2004"]
[Source "ChessBase"]
[SourceDate "2003.11.25"]
[SourceVersion "1"]
[SourceVersionDate "2003.11.25"]
[SourceQuality "1"]

1. d4 Nf6 2. Nc3 d5 3. e4 dxe4 4. f3 exf3 5. Nxf3 Bg4 6. h3 Bxf3 7. Qxf3 c6 8. g4 e6 9. g5 Nd5 10. Bd3 Nxc3 11. bxc3 Be7 12. 0-0 0-0 13. Qh5 g6 14. Qh6 Qd5 15. Bf4 Nd7 16. Rae1 Rfe8 17. Qh4 Bf8 18. Bc7 Bg7 19. Be4 Qc4 20. Rxf7 Kxf7 21. Qxh7 Nf8 22. Bxg6+ Nxg6 23. Qh5 Rh8 24. Qf3+ Ke7 25. Qf5 Nh4 26. Qf4 Qd5 27. Re4 Raf8 28. Qg4 Nf3+ 29. Kg2 Nd2 0-1